| 000 | 03050cam a22004215a 4500 | ||
|---|---|---|---|
| 001 | ssj0001354037 | ||
| 003 | OSt | ||
| 005 | 20180418104320.0 | ||
| 008 | 140917t2014 nyua fr 001 0 eng d | ||
| 020 | _a9781484201015 | ||
| 040 |
_dWaSeSS _dEG-ScBUE _beng |
||
| 082 | 0 | 4 |
_a005.1 _222 _bAND |
| 245 | 0 | 0 |
_aAndroid application development for the Intel® platform / _ceditor Ryan Cohen, Tao Wang. |
| 260 |
_aNew York : _bApress Media, _cc.2014. |
||
| 300 |
_axxv, 492 p. : _bill. ; _c24 cm. |
||
| 490 | 0 | _aExpert's voice in app development. | |
| 500 | _aIndex : p. 483-492. | ||
| 506 | _aAvailable on campus and off campus with authorized login. | ||
| 520 | _aThe number of Android devices running on Intel processors has increased since Intel and Google announced, in late 2011, that they would be working together to optimize future versions of Android for Intel Atom processors. Today, Intel processors can be found in Android smartphones and tablets made by some of the top manufacturers of Android devices, such as Samsung, Lenovo, and Asus. The increase in Android devices featuring Intel processors has created a demand for Android applications optimized for Intel Architecture: Android Application Development for the Intel® Platform is the perfect introduction for software engineers and mobile app developers. Through well-designed app samples, code samples and case studies, the book teaches Android application development based on the Intel platform—including for smartphones, tablets, and embedded devices—covering performance tuning, debugging and optimization. This book is jointly developed for individual learning by Intel Software College and China Shanghai JiaoTong University. | ||
| 630 | 0 | 7 |
_937783 _aAndroid (Electronic resource) |
| 650 | 7 |
_aApplication software _94599 _xDevelopment. |
|
| 651 | _2BUEsh | ||
| 653 |
_bCOMSCI _bGGEN _cApril2018 |
||
| 700 | 1 |
_aWang, Tao, _eeditor. |
|
| 700 | 1 |
_aCohen, Ryan, _eeditor. |
|
| 710 | 2 | _aSpringerLink (Online service) | |
| 773 | 0 | _tSpringer eBooks | |
| 776 | 0 | 8 |
_iPrinted edition: _z9781484201015 |
| 856 | 4 | 0 |
_aSOUTHEAST _uhttp://BZ6FJ9FL8E.search.serialssolutions.com/?V=1.0&L=BZ6FJ9FL8E&S=JCs&C=TC0001354037&T=marc |
| 856 | 4 | 0 |
_aBLOOMINGTON _uhttp://KG6EK7CQ2B.search.serialssolutions.com/?V=1.0&L=KG6EK7CQ2B&S=JCs&C=TC0001354037&T=marc |
| 856 | 4 | 0 |
_aEAST _uhttp://MN3KU4AR6Y.search.serialssolutions.com/?V=1.0&L=MN3KU4AR6Y&S=JCs&C=TC0001354037&T=marc |
| 856 | 4 | 0 |
_aNORTHWEST _uhttp://PS6EE4GK2T.search.serialssolutions.com/?V=1.0&L=PS6EE4GK2T&S=JCs&C=TC0001354037&T=marc |
| 856 | 4 | 0 |
_aIUPUI _uhttp://RX8KL6YF4X.search.serialssolutions.com/?V=1.0&L=RX8KL6YF4X&S=JCs&C=TC0001354037&T=marc |
| 856 | 4 | 0 |
_aKOKOMO _uhttp://TE6UZ4HK6Z.search.serialssolutions.com/?V=1.0&L=TE6UZ4HK6Z&S=JCs&C=TC0001354037&T=marc |
| 856 | 4 | 0 |
_aSOUTH BEND _uhttp://TT5XG8QF8P.search.serialssolutions.com/?V=1.0&L=TT5XG8QF8P&S=JCs&C=TC0001354037&T=marc |
| 856 | 4 | 0 |
_aCOLUMBUS _uhttp://RX8KL6YF4X.search.serialssolutions.com/?V=1.0&L=RX8KL6YF4X&S=JCs&C=TC0001354037&T=marc |
| 942 | _2ddc | ||
| 999 |
_c26535 _d26507 |
||